000 01072nam a2200229Ia 4500
001 L240-12372
003 IT-CnALBA
008 170116s9999||||xx |||||||||||||| ||und||
040 _aIT-CnALBA
_cIT-CnALBA
041 _aITALIANO
100 _aBETTAZZI RODOLFO, DOTT.
245 0 _aSU DAL FANGO. A GIOVANI CHE VOGLIONO REDIMERSI.
250 _a1a ed.
260 _aFROSINONE
_bCASAMARI. ABBAZIA TIPOGRAFIA. FROSINONE'
_c1946 [1° Ed.:1927 - Ed.Ling.Originale: 1927]
300 _a157 p. (prefazione: 5)
500 _aRISTAMPA. GIOVANI. DONNA AMORE. VITA LIBERA E FAMIGLIA. ORRORI SOCIALI DEL VIZIO. PUREZZA. TALAMO PROFANATO. PERICOLI. PROGRAMMA. VIA CELIBATO. NOZZE CRISTIANE.
501 _aSocietà San Paolo EM - Piazza San Paolo, 14 - 12051 ALBA (CN) (non commercial uses only) ® Copyright 2017
520 _aRISTAMPA. GIOVANI. DONNA AMORE. VITA LIBERA E FAMIGLIA. ORRORI SOCIALI DEL VIZIO. PUREZZA. TALAMO PROFANATO. PERICOLI. PROGRAMMA. VIA CELIBATO. NOZZE CRISTIANE.
650 _aTEOLOGIA SPIRITUALE CRISTIANA
942 _cBK
957 _71
999 _a17125
_bSI
_g Copie: 1
_c271549
_d271549